000
00304nam a2200109Ia 4500
008
230320s9999||||xx |||||||||||||| ||spa||
082
_a
370.151/C77
100
_a
Coronas, Rita ; Cucala, Elisa
245
0
_a
Psicología Evolutiva Y De La Educación : Teoría Y Práctica
260
_b
PPU
942
_8
0
_c
LIB
999
_c
47147
_d
47147